000
00284nam a2200121Ia 4500
005
20251222154332.0
008
251222s9999||||xx |||||||||||||| ||spa||
020
_a
84-206-0792-4
082
_a
868.9/O45
100
_a
"Olmo, Alicia"
245
0
_a
El libro dorado del sol
942
_c
LIB
999
_c
34187
_d
34187